logo

Bir Sreshtho Munshi Abdur Rouf Library
Jhenaidah Cadet College

জীবনানন্দ রচনাবলী / (Record no. 10954)

MARC details
000 -LEADER
fixed length control field 00726nam a2200229 a 4500
001 - CONTROL NUMBER
JCCL Control Number 10954
003 - CONTROL NUMBER IDENTIFIER
JCCL marc code BD-JhCC
005 - DATE AND TIME OF LATEST TRANSACTION
control field 20190630112823.0
008 - FIXED-LENGTH DATA ELEMENTS--GENERAL INFORMATION
fixed length control field 190630s20062017bg |||| |||| 000 0 Ben d
020 ## - INTERNATIONAL STANDARD BOOK NUMBER
International Standard Book Number 9789847763781 (set)
035 ## - SYSTEM CONTROL NUMBER
system control number (BD-JhCC)10954
040 ## - CATALOGING SOURCE
Original cataloging agency BD-JhCC
Modifying agency BD-JhCC
041 ## - LANGUAGE CODE
Language code of Book ben
082 ## - DEWEY DECIMAL CLASSIFICATION NUMBER
Classification number 891.4409
Author mark and Year DAS 2017
100 ## - MAIN ENTRY--PERSONAL NAME
Personal name দাশ, জীবনানন্দ
245 ## - TITLE STATEMENT
Title জীবনানন্দ রচনাবলী /
Statement of responsibility, etc জীবনানন্দ দাশ
260 ## - PUBLICATION, DISTRIBUTION, ETC. (IMPRINT)
Place of publication, distribution, etc ঢাকা :
Name of publisher, distributor, etc ঐতিহ্য,
Date of publication, distribution, etc ২০১৭
300 ## - PHYSICAL DESCRIPTION
Pagination সংখ্যা ১-৬ :
Dimensions ২১ সেমি
600 ## - SUBJECT ADDED ENTRY--PERSONAL NAME
Personal name Das, Jibanananda
650 ## - SUBJECT ADDED ENTRY--TOPICAL TERM
Topical term or geographic name as entry element Compilation of Literary work
942 ## - ADDED ENTRY ELEMENTS (KOHA)
Source of classification or shelving scheme Dewey Decimal Classification
Koha item type Books
Holdings
Source of classification or shelving scheme volume number Damaged status Not for loan Home library Current library Shelving location Date of accession Cost, normal purchase price Total Checkouts Full call number Barcode Date last seen Copy number Koha item type
Dewey Decimal Classification V-1     JCC Rouf Library JCC Rouf Library General Stacks 06/30/2019 840.00   891.4409 DAS 2017 15186 06/30/2019 C-1 Books
Dewey Decimal Classification V-3     JCC Rouf Library JCC Rouf Library General Stacks 06/30/2019 840.00   891.4409 DAS 2017 15187 06/30/2019 C-1 Books
Dewey Decimal Classification V-4     JCC Rouf Library JCC Rouf Library General Stacks 06/30/2019 840.00   891.4409 DAS 2017 15188 06/30/2019 C-1 Books
Dewey Decimal Classification V-5     JCC Rouf Library JCC Rouf Library General Stacks 06/30/2019 840.00   891.4409 DAS 2017 15189 06/30/2019 C-1 Books
Dewey Decimal Classification V-6     JCC Rouf Library JCC Rouf Library General Stacks 06/30/2019 840.00   891.4409 DAS 2017 15190 06/30/2019 C-1 Books
Dewey Decimal Classification V-2     JCC Rouf Library JCC Rouf Library General Stacks 06/30/2019 840.00   891.4409 DAS 2017 15214 06/30/2019 C-1 Books

JCC Library | Contacts | JCC Home

Last Update on 23 September 2017
Copyright @ 2017-2020 JCC Rouf Library
Rouf Library, Jhenidah Cadet College (JCC), Bangladesh